[Event "TCh-CZE Div1 Zapad 2012-13"]
[Site "Czech Republic CZE"]
[Date "2013.01.27"]
[Round "6.5"]
[White "Dvorak,J"]
[Black "Seleljo,D"]
[Result "1/2-1/2"]
[WhiteElo "2203"]
[BlackElo "2252"]

1.d4 d6 2.Nf3 Nf6 3.c4 g6 4.Nc3 Bg7 5.e4 O-O 6.Be2 e5 7.O-O Na6 8.Qc2 exd4
9.Nxd4 Ng4 10.Bxg4 Bxg4 11.Be3 Re8 12.Qd2 Be6 13.Nxe6 fxe6 14.Rad1 Qe7 15.Bd4 Rf8
16.Rfe1 Bxd4 17.Qxd4 Nb4 18.Re2 Nc6 19.Qd2 Qf7 20.b3 e5 21.Qd5  1/2-1/2

[Event "18th HIT Open A 2013"]
[Site "Nova Gorica SLO"]
[Date "2013.01.27"]
[Round "4.3"]
[White "Tratar,M"]
[Black "Tomazini,Z"]
[Result "1-0"]
[WhiteElo "2517"]
[BlackElo "2356"]

1.d4 Nf6 2.c4 g6 3.Nc3 Bg7 4.e4 d6 5.Nf3 O-O 6.Be2 Nbd7 7.O-O e5 8.Be3 Re8
9.d5 Nh5 10.g3 Bf8 11.Ne1 Ng7 12.Nd3 Be7 13.Qd2 f5 14.f3 Rf8 15.Bh6 Nf6 16.exf5 gxf5
17.Kh1 Kh8 18.Rg1 Ng8 19.Be3 Bd7 20.f4 Bf6 21.fxe5 dxe5 22.g4 f4 23.Bc5 Be7
24.Bf3 Bxc5 25.Nxc5 Qe7 26.Nd3 Rae8 27.Rae1 Qg5 28.Ne4 Qh4 29.Qf2 Qd8 30.Nec5 e4
31.Rxe4 Rxe4 32.Nxe4 c6 33.Qxa7 cxd5 34.cxd5 Bb5 35.Qd4 Ne7 36.Ne5 Be8 37.Nc5 Rf6
38.Nxb7 Qb6 39.Qxb6 Rxb6 40.d6 Ng6 41.Nxg6+ hxg6 42.Re1 Bd7 43.Re7 Bc8 44.d7 Bxd7
45.Rxd7 Rxb2 46.Bd5 f3 47.Bxf3  1-0

[Event "18th HIT Open A 2013"]
[Site "Nova Gorica SLO"]
[Date "2013.01.30"]
[Round "9.22"]
[White "Franca,Veronika"]
[Black "Gratton,D"]
[Result "1-0"]
[WhiteElo "1948"]
[BlackElo "1733"]

1.d4 Nf6 2.c4 g6 3.Nc3 Bg7 4.e4 d6 5.Nf3 O-O 6.Be2 e5 7.d5 Nbd7 8.Bg5 a6
9.Nd2 c5 10.a3 Qc7 11.O-O h6 12.Be3 Nh7 13.b4 b6 14.Nb3 f5 15.f3 Nhf6 16.Qc2 f4
17.Bf2 Rf7 18.Rfb1 Bf8 19.Na4 Rg7 20.Be1 g5 21.bxc5 dxc5 22.Nc1 Bd6 23.Nd3 g4
24.Bc3 gxf3 25.Bxf3 Ng4 26.Bd2 Qd8 27.h3 Ne3 28.Bxe3 fxe3 29.Qe2 b5 30.Nc3 bxc4
31.Nb2 Qh4 32.Nxc4 Be7 33.Nxe3 Nf8 34.Kf1 Rf7 35.Qf2 Qg5 36.Ne2 Ng6 37.Ng3 Nh4
38.Ke2 a5 39.Ngf5 Nxf5 40.Nxf5 Bxf5 41.exf5 Qxf5 42.Qe3 Bg5 43.Qe4 Qd7 44.Rb6 Rf6
45.Rxf6 Bxf6 46.Qg6+ Qg7 47.Qxg7+ Kxg7 48.Rb1 Be7 49.d6  1-0

[Event "ITT ABC COLOR 2013"]
[Site "Asuncion PAR"]
[Date "2013.01.31"]
[Round "7.3"]
[White "Franco Ocampos,Z"]
[Black "Salinas Herrera,P"]
[Result "1-0"]
[WhiteElo "2498"]
[BlackElo "2386"]

1.Nf3 Nf6 2.c4 g6 3.Nc3 Bg7 4.d4 O-O 5.e4 d6 6.Be2 e5 7.d5 a5 8.Bg5 h6 9.Bh4 Na6
10.Nd2 Qe8 11.O-O Bd7 12.Kh1 Nc5 13.Rb1 Nh7 14.f3 f5 15.b3 f4 16.a3 h5 17.Qc2 g5
18.Bf2 g4 19.b4 axb4 20.axb4 Na4 21.Nb5 Qg6 22.fxg4 hxg4 23.Nxc7 Ng5 24.Nxa8 f3
25.Bg3 fxe2 26.Rxf8+ Bxf8 27.Nc7 Qf7 28.Re1 Nc3 29.Qxc3 Nxe4 30.Qe3 Nxd2
31.Qxe2 Bh6 32.c5 dxc5 33.bxc5 e4 34.Bf2 Bf5 35.Be3 Bg7 36.Qxd2 Qxc7 37.Bd4 Bxd4
38.Qxd4 g3 39.Qe3  1-0

[Event "6th Gora Sw Anny OpA"]
[Site "Gora Swietej Anny POL"]
[Date "2013.01.31"]
[Round "7.3"]
[White "Koziak,V"]
[Black "Orzech,D"]
[Result "1/2-1/2"]
[WhiteElo "2504"]
[BlackElo "2372"]

1.d4 Nf6 2.c4 g6 3.Nc3 Bg7 4.e4 O-O 5.Nf3 d6 6.Be2 e5 7.O-O Nh5 8.Re1 Nf4
9.Bf1 Bg4 10.d5 f5 11.h3 Bh5 12.exf5 gxf5 13.Bxf4 exf4 14.Be2 Bxf3 15.Bxf3 Nd7
16.Rc1 a6 17.b4 Ne5 18.c5 Kh8 19.a4 Qf6 20.a5 Rae8 21.Na4 Re7 22.cxd6 cxd6
23.Nb6 Rfe8 24.Kf1 h6 25.Nc8 Rd7 26.Nb6 Rde7 27.Nc8 Rd7 28.Nb6 Rde7 29.Nc8  1/2-1/2

[Event "ITT ABC COLOR 2013"]
[Site "Asuncion PAR"]
[Date "2013.02.02"]
[Round "9.2"]
[White "Franco Ocampos,Z"]
[Black "Real de Azua,E"]
[Result "1/2-1/2"]
[WhiteElo "2498"]
[BlackElo "2465"]

1.d4 Nf6 2.Nf3 g6 3.c4 Bg7 4.Nc3 O-O 5.e4 d6 6.Be2 e5 7.dxe5 dxe5 8.Qxd8 Rxd8
9.Nd5 Nxd5 10.cxd5 c6 11.Bc4 cxd5 12.Bxd5 Nd7 13.Bg5 Re8 14.Nd2 Nc5  1/2-1/2

[Event "TCh-AUT 2 East 2012-13"]
[Site "Austria AUT"]
[Date "2013.02.02"]
[Round "6.3"]
[White "Fodor,T jr"]
[Black "Weinzettl,E"]
[Result "1-0"]
[WhiteElo "2503"]
[BlackElo "2257"]

1.d4 Nf6 2.c4 g6 3.Nc3 Bg7 4.e4 d6 5.Nf3 O-O 6.Be2 e5 7.O-O Nh5 8.g3 Bh3
9.Re1 exd4 10.Nxd4 Nf6 11.Be3 Re8 12.f3 c6 13.Nc2 Qe7 14.Qd2 Nbd7 15.Rad1 Bf8
16.Kh1 a6 17.Bg5 b5 18.Qf4 Be6 19.c5 h6 20.Bxf6 Qxf6 21.Qxf6 Nxf6 22.cxd6 Nd7
23.f4 c5 24.Bf3 Rab8 25.e5 b4 26.Nd5 b3 27.axb3 Rxb3 28.Nc7 Rxf3 29.Nxe8 Rf2
30.Ne3 Bg7 31.Nc7 Bb3 32.Kg1 Rxb2 33.Rb1 Rxb1 34.Rxb1 c4 35.Nxa6  1-0

[Event "6th Gora Sw Anny OpA"]
[Site "Gora Swietej Anny POL"]
[Date "2013.02.02"]
[Round "9.9"]
[White "Kuciel,W"]
[Black "Cukrowski,F"]
[Result "1/2-1/2"]
[WhiteElo "2036"]
[BlackElo "2177"]

1.d4 Nf6 2.c4 g6 3.Nc3 Bg7 4.e4 d6 5.Nf3 O-O 6.Be2 e5 7.Be3 Nbd7 8.O-O Re8
9.dxe5 dxe5 10.h3 Bf8 11.Qc2 c6 12.Rfd1 Qc7 13.a3 a5 14.Na4 b6 15.Rab1 Nc5
16.Nxc5 bxc5 17.Ne1 Be6 18.f3 Nd7 19.Nd3 f5 20.Nf2 f4 21.Bd2 Be7 22.b3 Bf7
23.Bc3 Nf8 24.Qb2 Bh4 25.Ng4 Nd7 26.Rxd7 Qxd7 27.Nh6+ Kg7 28.Bxe5+ Rxe5 29.Nxf7 Bf6
30.Nxe5 Qc7 31.Rd1 Bxe5 32.Qd2 Bd4+ 33.Kh2 Rb8 34.Qc2 Qe5 35.Rb1 g5 36.Qd2 g4
37.Kh1 gxh3 38.gxh3 Qg5 39.Bd3 Rxb3 40.Rd1 Qg3 41.Qg2 Qxg2+ 42.Kxg2 Rxa3
43.h4 Rb3 44.Kh3 a4 45.Kg4 a3 46.Bb1 Rb2 47.Kxf4 a2 48.Bxa2 Rxa2 49.Rb1 Rh2
50.Kg4 Bf6 51.Kf5 Bb2 52.e5 Re2 53.f4 Kf7 54.Rd1 Bd4 55.Rb1 Bb2 56.Rd1 Bd4
57.Rb1 Rf2 58.Rb7+ Kf8 59.e6 Be3 60.Rf7+ Ke8 61.Ke5 h6 62.f5 Bf4+ 63.Kf6 Bg3
64.h5 Bh4+ 65.Kg6 Bg5 66.f6 Re2 67.e7 Bxf6 68.Rxf6 Kxe7 69.Rxc6 Re5 70.Kxh6 Kf7
71.Rc7+ Kf6  1/2-1/2

[Event "Moscow Open A 2013"]
[Site "Moscow RUS"]
[Date "2013.02.02"]
[Round "1.14"]
[White "Smirnov,P"]
[Black "Savitskiy,S"]
[Result "1-0"]
[WhiteElo "2618"]
[BlackElo "2363"]

1.d4 Nf6 2.c4 g6 3.Nc3 Bg7 4.e4 d6 5.Nf3 O-O 6.Be2 e5 7.O-O Na6 8.Be3 Ng4
9.Bg5 Qe8 10.Re1 c6 11.h3 h6 12.Bh4 Nf6 13.dxe5 dxe5 14.Qd6 Be6 15.Nxe5 Rd8
16.Qa3 Bxh3 17.Nxc6 Qxc6 18.Nd5 Rde8 19.Qxh3 g5 20.e5 Nxd5 21.cxd5 Qxd5 22.Bxg5 Rxe5
23.Bxh6 Bxh6 24.Qxh6 Rfe8 25.Red1 Qa5 26.Rd4 Rg5 27.Bd3 Re1+ 28.Rxe1 Qxe1+
29.Bf1 Qe7 30.Rh4 Qe5 31.Rc4  1-0

[Event "ch-TUR 2013"]
[Site "Antalya TUR"]
[Date "2013.02.03"]
[Round "2.4"]
[White "Can,E"]
[Black "Menzi,N"]
[Result "1-0"]
[WhiteElo "2460"]
[BlackElo "1872"]

1.d4 Nf6 2.c4 g6 3.Nc3 Bg7 4.e4 d6 5.Nf3 O-O 6.Be2 e5 7.d5 a5 8.h3 Na6 9.Bg5 h6
10.Be3 Nc5 11.Nd2 Nfd7 12.g4 Nb6 13.h4 c6 14.h5 g5 15.O-O Bd7 16.b3 cxd5
17.cxd5 Qe7 18.Qc1 Rfc8 19.Qa3 Nd3 20.Bxd3 Rxc3 21.Be2 Na4 22.Nb1 b5 23.Nxc3 Nxc3
24.Bf3 f5 25.Qb2 fxg4 26.Bg2 b4 27.a3 Bb5 28.Rfe1 Rf8 29.Bb6 Qf7 30.axb4 axb4
31.Ba5 Qxh5 32.Bxb4 g3 33.fxg3 Ne2+ 34.Rxe2 Bxe2 35.Bxd6 Re8 36.b4 Qg4 37.Re1 Bb5
38.Qf2 Rd8 39.Bc5 Ra8 40.Qf3 Qd7 41.Qh5 Ra3 42.Kh2 Ra2 43.Kh1 g4 44.Bf1 Ba4
45.Be2  1-0

[Event "ch-TUR 2013"]
[Site "Antalya TUR"]
[Date "2013.02.03"]
[Round "3.1"]
[White "Solak,D"]
[Black "Ozalp,B"]
[Result "1-0"]
[WhiteElo "2603"]
[BlackElo "2022"]

1.d4 Nf6 2.c4 g6 3.Nc3 Bg7 4.e4 d6 5.Nf3 O-O 6.Be2 e5 7.Be3 Nc6 8.d5 Ne7
9.Nd2 Ne8 10.c5 f5 11.f3 Kh8 12.cxd6 Nxd6 13.O-O f4 14.Bf2 g5 15.Nc4 h5 16.Nxd6 cxd6
17.Rc1 Bd7 18.Nb5 Rf6 19.Qb3 Rg6 20.Nc7 Rc8 21.Bxa7 g4 22.Ne6 Qa5 23.Rxc8+ Bxc8
24.Bf2 Qd2 25.Bc4 g3 26.hxg3 fxg3 27.Be3 Qa5 28.Qb6 Qxb6 29.Bxb6 Bh6 30.Rd1 Rg8
31.Bc7 Be3+ 32.Kf1 Bxe6 33.dxe6 Rc8 34.Bxd6 Rxc4 35.Bxe7 Bd4 36.Bf6+ Kg8
37.Bxe5 Bxe5 38.Rd8+ Kg7 39.e7  1-0

[Event "1st Maksym Yusupov Mem"]
[Site "Lviv UKR"]
[Date "2013.02.04"]
[Round "7.1"]
[White "Melnichuk,M"]
[Black "Podolsky,A"]
[Result "1/2-1/2"]
[WhiteElo "2354"]
[BlackElo "2269"]

1.Nf3 Nf6 2.c4 g6 3.Nc3 Bg7 4.e4 d6 5.d4 O-O 6.Be2 e5 7.O-O exd4 8.Nxd4 Re8
9.f3 c6 10.Nc2 Na6 11.Be3 d5 12.cxd5 cxd5 13.Bb5 Bd7 14.Bxd7 Qxd7 15.exd5 Rad8
16.Bxa7 Nxd5 17.Nxd5 Qxd5 18.Qxd5 Rxd5 19.Rad1 Ra5 20.Na3 Nb4  1/2-1/2

[Event "ch-TUR 2013"]
[Site "Antalya TUR"]
[Date "2013.02.06"]
[Round "7.15"]
[White "Severcan,Sedat Sabri"]
[Black "Dogan,A"]
[Result "1/2-1/2"]
[WhiteElo "1948"]
[BlackElo "2166"]

1.d4 Nf6 2.c4 g6 3.Nc3 Bg7 4.e4 O-O 5.Nf3 d6 6.Be2 e5 7.Be3 c6 8.O-O exd4
9.Nxd4 Re8 10.Qc2 Ng4 11.Bxg4 Bxg4 12.f3 Bc8 13.Qd2 Nd7 14.Rad1 Qa5 15.Nb3 Qb4
16.Qxd6 Qxd6 17.Rxd6 Ne5 18.Rdd1 Nxc4 19.Bc1 a5 20.a4 Ra6 21.Nd4 h5 22.b3 Ne5
23.Ba3 Ra8 24.h3 Rd8 25.Nce2 g5 26.Be7 Re8 27.Bxg5 c5 28.Nb5 Be6 29.Nc7 Bxb3
30.Nxe8 Bxd1 31.Rxd1 Rxe8 32.Nf4 c4 33.Nxh5 c3 34.Bf6 Bh6 35.f4 c2 36.Rc1 Nc6
37.Rxc2 Rxe4 38.Bg5 Bxg5 39.fxg5 Rxa4 40.Re2 Kh7 41.Nf6+ Kg6 42.Ne4 Nd4 43.Rf2 Ne6
44.Nd6 Nxg5 45.Nxb7 Ra1+ 46.Kh2 a4 47.h4 Ne4 48.Rc2 a3 49.Rc6+ Kh5 50.Ra6 a2
51.Ra5+ Kxh4 52.Ra4 Kh5 53.Rxe4 Rh1+ 54.Kxh1 a1=Q+ 55.Kh2 Qa6 56.Rb4 f5 57.Rb3 Kg4
58.Rg3+ Kh4 59.Rh3+ Kg5 60.Rg3+ Kf6 61.Nc5 Qc4 62.Nd3 Qd4 63.Rf3 Qd6+ 64.Kg1 Kg5
65.Kh1 Qc7 66.Kg1 Qa7+ 67.Kh1 Qa1+ 68.Kh2 Qb1 69.Rg3+ Kf6 70.Rf3 Qa1 71.Nf4 Ke5
72.Nd3+ Ke4 73.Nf2+ Ke5 74.Nd3+ Kd4 75.Nf4 Ke4 76.Nh3 Qh8 77.Kh1 Qa1+ 78.Kh2 Qe5+
79.Kh1 Qb8 80.Ng5+ Kd4 81.Nh3 Ke5 82.Kg1 Kf6 83.Kh1 Kg6 84.Nf4+ Kg5 85.Nh3+ Kg4
86.Nf2+ Kh4 87.Rh3+ Kg5 88.Rf3 Qb2 89.Rg3+ Kh4 90.Rh3+ Kg5 91.Rf3 Qa1+ 92.Kh2 Qh8+
93.Kg1 Qh4 94.Nh3+ Kf6 95.Nf4 Qe1+ 96.Kh2 Qe5 97.Kh1 Qb8 98.Kg1 Kg5 99.Nh3+ Kg6
100.Nf4+ Kh6 101.Nh3 Qe5 102.Kh1 Qb5 103.Kh2 Kh5 104.Kh1 Kh4 105.Rf4+ Kg3
106.Rf3+ Kh4 107.Rf4+ Kh5 108.Rf3 Qb1+ 109.Kh2 Qc2 110.Kh1 Kh4 111.Rf4+ Kh5
112.Rf3 Kh6 113.Kh2 Qb1 114.Nf4 Qb8 115.Kh1 Qb7 116.Nh3 Kg6 117.Nf4+ Kg5
118.Nh3+ Kg4 119.Nf2+ Kg5 120.Nh3+ Kh4 121.Kh2 Qb5 122.Rf4+ Kh5 123.Rf3 Qb8+
124.Kh1 Kh6 125.Kg1 Kg6 126.Kh1 Qb7 127.Kh2 Kf6 128.Kg1 Kg6 129.Kh2 Qb8+
130.Kg1 Qc7 131.Kh1 Qa5 132.Kh2 Kh5 133.Nf4+ Kg4 134.Nh3 Qc7+ 135.Kh1 Qb7
136.Nf2+ Kh4 137.Kh2 Qb8+ 138.Kg1 Qb7 139.Kh2 Qc7+ 140.Kg1 Qb8 141.Rh3+ Kg5
142.Rf3 Qb7 143.Nh3+ Kg4 144.Nf2+ Kh4 145.Kh2 Qc7+ 146.Kg1 Qb8 147.Kh1 Qb7
148.Kh2 Qc7+ 149.Kg1 Qb8 150.Kh1 Qb7 151.Kh2 Qb8+ 152.Kg1 Qb7 153.Kh2 Qb1
154.Rh3+ Kg5 155.Rf3 Qb8+ 156.Kg1 Qb7 157.Kh2 Qc7+ 158.Kg1 Qc6 159.Kh2 Qc1
160.Nh3+ Kg6 161.Nf4+ Kh6 162.Nh3 Qb1 163.Nf4 Qb7 164.Nh3 Qb8+ 165.Kg1 Kg6
166.Kh1 Qb7 167.Kh2 Qa8 168.Nf4+ Kg5 169.Nh3+ Kg6 170.Nf4+ Kh6 171.Nh3 Qb8+
172.Kg1 Kg6 173.Kh1 Qb7 174.Kh2 Qb8+ 175.Kh1 Kh6 176.Kg1 Qb7 177.Kh1  1/2-1/2

[Event "Moscow Open B 2013"]
[Site "Moscow RUS"]
[Date "2013.02.07"]
[Round "6.7"]
[White "Baraeva,I"]
[Black "Bronnikova,E"]
[Result "1/2-1/2"]
[WhiteElo "2177"]
[BlackElo "2254"]

1.d4 Nf6 2.c4 g6 3.Nc3 Bg7 4.e4 d6 5.Be2 O-O 6.Nf3 e5 7.Be3 Ng4 8.Bg5 f6
9.Bh4 Nc6 10.d5 Ne7 11.Nd2 Nh6 12.f3 c5 13.a3 g5 14.Bf2 f5 15.h4 g4 16.exf5 gxf3
17.Bxf3 Nexf5 18.Ne2 Nd4 19.Nxd4 exd4 20.Ne4 Bf5 21.O-O Qd7 22.Qd2 Nf7 23.Bg3 Kh8
24.Rae1 Rae8 25.Ng5 Re3 26.Nxf7+ Rxf7 27.Bh5 Rfe7 28.Rxe3 dxe3 29.Qe2 Bd4
30.Kh1 Rg7 31.Bxd6 Qxd6 32.Rxf5 Qe7 33.Rf4 Rg8 34.b3 Qe5 35.Qf1 Qxh5 36.Rxd4 Qe5
37.Re4 Qxe4 38.Qf6+ Rg7 39.Qf8+ Rg8 40.Qf6+ Rg7 41.Qf8+  1/2-1/2

[Event "Moscow Open A 2013"]
[Site "Moscow RUS"]
[Date "2013.02.08"]
[Round "7.1"]
[White "Ponkratov,P"]
[Black "Kokarev,Dm"]
[Result "1/2-1/2"]
[WhiteElo "2584"]
[BlackElo "2635"]

1.d4 Nf6 2.c4 g6 3.Nc3 Bg7 4.e4 O-O 5.Nf3 c6 6.Be2 d6 7.O-O e5 8.d5 Na6 9.Nd2 Ne8
10.Rb1 c5 11.a3 Bd7 12.b4 b6 13.bxc5 Nxc5 14.Nb3 Na4 15.Qe1 Nf6 16.Bd3 Nh5
17.Nxa4 Bxa4 18.Qb4 Qd7 19.Re1 Rac8 20.Bc2 Bxb3 21.Rxb3 f5 22.a4 Nf6 23.Ba3 Rc5
24.Qc3 Rc7 25.exf5 gxf5 26.Rb5 Rfc8 27.Qh3 e4 28.Qg3 Rxc4 29.Bb3 Rc3 30.Qxd6 Qxd6
31.Bxd6 Nd7 32.Be7 a6 33.d6+ Kh8 34.Be6 axb5 35.Bxd7 Rc1 36.Kf1 Rxe1+ 37.Kxe1 Rc1+
38.Ke2 Bc3 39.Ke3 Kg7 40.Bxf5 Bb4 41.axb5 Rd1 42.Bg4 Rg1 43.Kxe4 Rxg2 44.h3 h5
45.Kf3 Rh2 46.Kg3 Rh1 47.Bxh5 Re1 48.Bg4 Rxe7 49.dxe7 Bxe7 50.h4 Kf6 51.Kf4 Bb4
52.Ke4 Be1 53.Ke3 Kg6 54.Be2 Bb4 55.h5+ Kg5 56.f4+ Kf6 57.Bd3 Bf8 58.Bg6 Bh6
59.Ke4 Ke6 60.f5+ Kf6 61.Kd5 Be3 62.Kc6 Kg7 63.Kc7 Bd4 64.Kd7 Kh6 65.Ke6 Kg5
66.Be8 Bc3 67.Bg6 Bb2 68.Kf7 Bc3 69.f6 Bxf6 70.h6 Kxh6  1/2-1/2

[Event "Moscow Open B 2013"]
[Site "Moscow RUS"]
[Date "2013.02.09"]
[Round "8.10"]
[White "Shulakova,S"]
[Black "Dolzhikova,K"]
[Result "1/2-1/2"]
[WhiteElo "2181"]
[BlackElo "2309"]

1.d4 Nf6 2.c4 g6 3.Nc3 Bg7 4.e4 d6 5.Nf3 O-O 6.Be2 e5 7.O-O exd4 8.Nxd4 Re8
9.f3 c6 10.Kh1 Nbd7 11.Bg5 Qb6 12.Nb3 a5 13.Qd2 a4 14.Be3 Qb4 15.Nd4 d5 16.cxd5 cxd5
17.exd5 Nxd5 18.Nxd5 Qxd2 19.Bxd2 Bxd4 20.Rae1 Nf6 21.Nc7 Be6 22.Bb5 Rec8
23.Nxa8 Rxa8 24.a3 Bxb2 25.Bb4 Nd5 26.Rb1 Bc3 27.Bc5 Ra5 28.Bf2 Bf5 29.Bc4 Bxb1
30.Rxb1 b6 31.Rd1 Nf6 32.Bxb6 Ra8 33.g4 Rb8 34.Rd8+ Rxd8 35.Bxd8 Bb2 36.Bb5 Nd5
37.Bxa4 Bxa3 38.Bb3 Nf4 39.Bg5 Ne6 40.Be3 Be7  1/2-1/2

[Event "TCh-CZE Div1 Vychod 2012-13"]
[Site "Czech Republic CZE"]
[Date "2013.02.10"]
[Round "7.7"]
[White "Skaroupka,J"]
[Black "Senkyr,M"]
[Result "1-0"]
[WhiteElo "2188"]
[BlackElo "2171"]

1.Nf3 Nf6 2.c4 g6 3.Nc3 Bg7 4.e4 d6 5.d4 O-O 6.Be2 e5 7.Be3 Nc6 8.d5 Ne7
9.Nd2 Ne8 10.f3 f5 11.c5 f4 12.Bf2 g5 13.Nc4 Rf6 14.a4 Rg6 15.a5 h5 16.h3 Nf6
17.Qb3 Ne8 18.Nb5 a6 19.Nc3 Kh7 20.Qb4 dxc5 21.Bxc5 Nd6 22.Rc1 Ng8 23.Na4 Nf7
24.Rd1 Ngh6 25.d6 g4 26.hxg4 hxg4 27.dxc7 Qxc7 28.Nab6 Rb8 29.Nd5 Qc6 30.Ne7 Qf6
31.Nxg6 gxf3 32.Bxf3 Qxg6 33.Qb6 Be6 34.Nd6 Ng5 35.Bh5 Qf6 36.Nf5 Nxe4 37.Nxg7 Qxg7
38.Qxe6 Nxc5 39.Qd6 Rc8 40.Bg4 Rf8 41.Qxc5  1-0

[Event "73rd Noteboom Mem"]
[Site "Leiden NED"]
[Date "2013.02.10"]
[Round "6.2"]
[White "Ikonnikov,Vy"]
[Black "Wantola,I"]
[Result "1-0"]
[WhiteElo "2537"]
[BlackElo "2352"]

1.d4 Nf6 2.Nf3 g6 3.c4 Bg7 4.Nc3 O-O 5.e4 d6 6.Be2 e5 7.d5 Ne8 8.O-O h6 9.g3 Bh3
10.Re1 f5 11.Nh4 Kh7 12.exf5 gxf5 13.Bf1 Bxf1 14.Rxf1 Qd7 15.Qc2 Kg8 16.a3 a5
17.b3 Qf7 18.Bb2 Qh5 19.f4 e4 20.Nb5 Na6 21.Bxg7 Nxg7 22.Qc3 b6 23.b4 Qf7
24.bxa5 bxa5 25.Qxa5 Kh7 26.a4 Rg8 27.Kh1 Nh5 28.Ra3 Rgc8 29.Qc3 Nc5 30.Nd4 Ng7
31.a5 Ra6 32.Ng2 Nd3 33.Nc6 Qh5 34.Qd2 Rca8 35.Ne3 Nc5 36.Ra2 Qf7 37.Qc3 Nh5
38.Rg2 Rg8 39.Nd4 Ng7 40.g4 fxg4 41.Rxg4 Nd3 42.f5 Nh5 43.Ne6 Raa8 44.Rxe4 Ng3+
45.hxg3 Rxg3 46.Rh4  1-0

[Event "Moscow Open B 2013"]
[Site "Moscow RUS"]
[Date "2013.02.10"]
[Round "9.4"]
[White "Tarasova,Viktoriy"]
[Black "Kashlinskaya,A"]
[Result "1-0"]
[WhiteElo "2273"]
[BlackElo "2350"]

1.d4 Nf6 2.c4 g6 3.Nc3 Bg7 4.e4 d6 5.Nf3 O-O 6.Be2 Na6 7.O-O e5 8.Re1 c6
9.Bf1 Bg4 10.d5 Nb4 11.Be2 a5 12.h3 Bd7 13.Rb1 Na6 14.Bg5 h6 15.Be3 cxd5
16.cxd5 a4 17.Nd2 Nc5 18.b4 axb3 19.axb3 Qb8 20.Ra1 Rc8 21.Rxa8 Qxa8 22.Nc4 Qb8
23.Nb6 Rd8 24.Qb1 Be8 25.b4 Na6 26.Rc1 Nd7 27.Nca4 Nxb6 28.Nxb6 Nc7 29.b5 Bf8
30.Qb4 f5 31.f3 f4 32.Bf2 Be7 33.Qa5 Kf8 34.Na4 Qa8 35.Qxc7 Qxa4 36.Qxb7 Ra8
37.Bf1 Bd8 38.Rc8 Rxc8 39.Qxc8 Qa5 40.Qa6  1-0

[Event "TCh-FIN SM 2012-13"]
[Site "Salo FIN"]
[Date "2013.02.10"]
[Round "11.5"]
[White "Keskisarja,T"]
[Black "Westerinen,H"]
[Result "1/2-1/2"]
[WhiteElo "2282"]
[BlackElo "2332"]

1.Nf3 Nf6 2.c4 g6 3.Nc3 Bg7 4.e4 d6 5.d4 O-O 6.Be2 e5 7.O-O Nbd7 8.d5 Nc5
9.Nd2 a5 10.b3 Ne8 11.a3 f5 12.Rb1 Nf6 13.f3 Bd7 14.b4 axb4 15.axb4 Na4 16.Qc2 Bh6
17.exf5 Nxc3 18.Qxc3 Bxf5 19.Rb3  1/2-1/2

[Event "17th Lienz Open 2013"]
[Site "Lienz AUT"]
[Date "2013.02.11"]
[Round "4.7"]
[White "Hicker,H"]
[Black "Popovic,Du"]
[Result "1/2-1/2"]
[WhiteElo "2072"]
[BlackElo "2574"]

1.d4 Nf6 2.c4 g6 3.Nc3 Bg7 4.e4 d6 5.Nf3 O-O 6.Be2 e5 7.d5 a5 8.O-O Na6 9.Ne1 Nc5
10.f3 Nh5 11.Nd3 Nxd3 12.Bxd3 Nf4 13.g3 Nxd3 14.Qxd3 Bh3 15.Rf2 f5 16.exf5 gxf5
17.Be3 b6 18.f4 Kh8 19.Qd2 Qd7 20.Kh1 Rf6 21.Ne2 Re8 22.Ng1 Bg4 23.Nf3 Bxf3+
24.Rxf3 e4 25.Rf2 Rg6 26.Bd4 h5 27.Re1 Kh7 28.Re3 h4 29.gxh4 Rg8 30.Rg3 Bxd4
31.Qxd4 Rxg3 32.hxg3 Rxg3 33.Qf6 Rg6 34.Qf8 Rg8 35.Qf6 Rg6 36.Qf8 Qg7 37.Qxf5 Kh6
38.Qh3 Rg3 39.Qe6+ Rg6 40.Qh3 Rg3 41.Qe6+ Rg6 42.Qh3  1/2-1/2

[Event "Novy Bor Open A 2013"]
[Site "Novy Bor CZE"]
[Date "2013.02.13"]
[Round "5"]
[White "Kucera,P3"]
[Black "Bartos,J"]
[Result "1/2-1/2"]
[WhiteElo "2235"]
[BlackElo "2154"]

1.c4 Nf6 2.Nc3 g6 3.e4 d6 4.d4 Bg7 5.Nf3 O-O 6.Be2 e5 7.O-O Nbd7 8.Be3 Re8
9.d5 a5 10.Nd2 b6 11.a3 Rf8 12.Rc1 Ne8 13.b4 Bf6 14.Nf3 Be7 15.Qd2 Ng7 16.Bh6 Nf6
17.h3 Kh8 18.Ne1 Ng8 19.Be3 f5 20.f4 exf4 21.Bxf4 fxe4 22.Nxe4 Nf6 23.Ng3 Bd7
24.Nc2 Nfh5 25.Nxh5 Nxh5 26.Bxh5 gxh5 27.Bh6 Rxf1+ 28.Rxf1 Bf6 29.Qf4 Be5
30.Qf3 Qe8 31.Bg5 Qg6 32.Bf6+ Bxf6 33.Qxf6+ Qxf6 34.Rxf6 Kg7 35.Rf4 axb4
36.axb4 Rf8 37.Rh4 Kg6 38.b5 Kg5 39.g3 Ra8 40.Nb4 Ra1+ 41.Kf2 Rb1 42.Na6 Rb2+
43.Kg1 Rb1+ 44.Kf2  1/2-1/2

[Event "Chess Classic ELO Open 2013"]
[Site "Baden-Baden GER"]
[Date "2013.02.14"]
[Round "8.9"]
[White "Feiler,J"]
[Black "Agrest,I"]
[Result "0-1"]
[WhiteElo "2138"]
[BlackElo "2174"]

1.d4 Nf6 2.c4 g6 3.Nc3 Bg7 4.e4 d6 5.Be2 O-O 6.Nf3 Nbd7 7.O-O e5 8.Be3 Re8
9.Qc2 c6 10.Rad1 Qe7 11.d5 c5 12.b4 Ng4 13.Bg5 f6 14.Bd2 cxb4 15.Nb5 Nc5
16.h3 Nh6 17.Bxb4 b6 18.Bxc5 bxc5 19.Qa4 Rf8 20.Qa5 Rf7 21.Nd2 f5 22.Rb1 Bf8
23.Nb3 fxe4 24.Nxc5 dxc5 25.d6 Qg5 26.h4 Qxh4 27.Nc7 Bg4 28.f3 exf3 29.Nxa8 f2+  0-1

[Event "17th Lienz Open 2013"]
[Site "Lienz AUT"]
[Date "2013.02.14"]
[Round "7.29"]
[White "Ploessnig,M"]
[Black "Hollan,Martin"]
[Result "1-0"]
[WhiteElo "1927"]
[BlackElo "1763"]

1.Nf3 Nf6 2.c4 g6 3.Nc3 Bg7 4.d4 O-O 5.e4 d6 6.Be2 e5 7.dxe5 dxe5 8.Qxd8 Rxd8
9.Bg5 Re8 10.Bxf6 Bxf6 11.Nd5 Bd8 12.Rd1 c6 13.Ne3 Ba5+ 14.Kf1 Nd7 15.a3 Nf6
16.b4 Bc7 17.Nd2 Be6 18.f3 Nh5 19.g3 f5 20.exf5 gxf5 21.Nxf5 Bxf5 22.g4 Bg6
23.gxh5 Bxh5 24.Ne4 Rf8 25.Rg1+ Kh8 26.Ng5 h6 27.Ne6 Rf7 28.Nxc7 Rxc7 29.Rd6 Rf8
30.Rxh6+ Rh7 31.Rxh7+ Kxh7 32.Kf2 Rf7 33.Ke3 Rf4 34.Rg5 Bg6 35.Rxe5 Rf7 36.f4 Rd7
37.f5 Bf7 38.h3 Kg7 39.Re4 Kf6 40.Bg4 Rd8 41.Rd4 Re8+ 42.Kd2 Re7 43.a4 a6
44.Kd3 Re8 45.Rd7 Rb8 46.Kd4 b5 47.cxb5 cxb5 48.Rd6+ Kg5 49.a5 Rc8 50.Rxa6 Rc4+
51.Ke5 Rxb4 52.Ra7 Ba2 53.Rg7+ Kh6 54.Rg6+ Kh7 55.Rb6 Bc4 56.f6 Rb2 57.a6 Ra2
58.Rb7+ Kh6 59.a7 Ra6 60.f7 Kg7 61.f8=Q+ Kxf8 62.Rb8+ Kg7 63.a8=Q Rxa8 64.Rxa8 b4
65.Kd4 Bf7 66.Rb8 b3 67.Bd1 Be6 68.h4 Kh6 69.Bxb3 Bd7 70.Bd1 Kg6 71.Ke4  1-0

[Event "62nd ch-BUL w SF 2013"]
[Site "Plovdiv BUL"]
[Date "2013.02.14"]
[Round "5.3"]
[White "Vasileva,C"]
[Black "Bednikova,S"]
[Result "0-1"]
[WhiteElo "1578"]
[BlackElo "2079"]

1.d4 Nf6 2.c4 g6 3.Nc3 Bg7 4.e4 d6 5.Be2 O-O 6.Nf3 e5 7.dxe5 dxe5 8.Qxd8 Rxd8
9.Bg5 Re8 10.Rd1 h6 11.Bxf6 Bxf6 12.Nb5 Na6 13.h3 Be6 14.O-O Re7 15.Rd2 Nc5
16.Nc3 a5 17.Rfd1 c6 18.Rd8+ Re8 19.Rxe8+ Rxe8 20.a3 Nb3 21.Na4 Nd4 22.Nxd4 exd4
23.Nc5 Bc8 24.Bd3 b6 25.Nb3 c5 26.Nd2 Bb7 27.Kf1 Bg5 28.f3 Bc8 29.b3 h5 30.a4 Bf4
31.g4 hxg4 32.hxg4 Kg7 33.Kg2 Bxd2 34.Rxd2 f5 35.gxf5 gxf5 36.Re2 Kf6 37.Kg3 fxe4
38.fxe4 Ke5 39.Rh2 Rg8+ 40.Kf2 Bg4 41.Rh6 Rf8+ 42.Ke1 Rf3 43.Kd2 Rf6 44.Rh8 Rf2+
45.Kc1 Kf4 46.Rf8+ Ke3 47.Rxf2 Kxf2 48.Kd2 Kf3 49.Be2+ Kf4 50.Bd3 Bf3 51.e5 Kxe5
52.Bg6 Be4 53.Bh5 Bb1 54.Be2 Ke4 55.Bh5 Kf4 56.Be2 Kg3 57.Bh5 Kf2 58.Bd1 d3
59.Bg4 Bc2 60.Bd7 Kf3 61.Bc6+ Kf4 62.Be8 Ke4 63.Bb5 Kd4 64.Be8 Bxb3  0-1

[Event "17th Lienz Open 2013"]
[Site "Lienz AUT"]
[Date "2013.02.15"]
[Round "8.1"]
[White "Buhmann,R"]
[Black "Jovanovic,Zo CRO"]
[Result "1/2-1/2"]
[WhiteElo "2608"]
[BlackElo "2518"]

1.Nf3 Nf6 2.c4 g6 3.Nc3 Bg7 4.e4 d6 5.d4 O-O 6.Be2 e5 7.O-O c6 8.Re1 Nbd7
9.Bf1 a5 10.dxe5 dxe5 11.Na4 b6 12.Be3 Rb8 13.Qc2 Ba6 14.h3 Qe7 15.c5 Bxf1
16.Rxf1 b5 17.Nb6 Nxb6 18.cxb6 Rfc8 19.a4 Nd7 20.axb5 cxb5 21.Qb3 Nxb6 22.Bxb6 Rxb6
23.Rxa5 Qb7 24.Rd1 Qc6 25.Ra7 Qc4 26.Qe3 Rbc6 27.Rdd7 Rf8 28.Rab7 h6 29.g3 Ra6
30.Rd1 Qc6 31.Rbd7 Ra4 32.R7d5 Qc2 33.Qd3 Qxd3 34.R1xd3 Rxe4 35.Rxb5 Re2
36.Kf1 Rxb2 37.Rxb2 e4 38.Rdb3 Bxb2 39.Rxb2 exf3 40.Rb3  1/2-1/2

[Event "Aeroflot Open Rapid KO"]
[Site "Moscow RUS"]
[Date "2013.02.15"]
[Round "1.1"]
[White "Volkov,Sergey1"]
[Black "Guseinov,G"]
[Result "1/2-1/2"]
[WhiteElo "2593"]
[BlackElo "2623"]

1.d4 Nf6 2.c4 g6 3.Nc3 Bg7 4.e4 d6 5.Be2 O-O 6.Nf3 e5 7.Be3 exd4 8.Nxd4 Re8
9.f3 Nc6 10.O-O Nh5 11.Qd2 Nf4 12.Rfd1 Nxd4 13.Bxd4 Bxd4+ 14.Qxd4 Nxe2+ 15.Nxe2 b6
16.Nc3 Bb7 17.Rac1 Qg5 18.Rc2 Re7 19.Rdc1 Rae8 20.Nd5 Bxd5 21.cxd5 f5 22.Rxc7 fxe4
23.fxe4 Qh4 24.h3 Qf4 25.R1c3 Rxc7 26.Rxc7 Re5 27.Rxa7 Qc1+ 28.Kh2 Qf4+ 29.Kh1 b5
30.Rc7 h5 31.b3 h4 32.Rb7 g5 33.Qc3 Qxe4 34.Rxb5 Kh7 35.Qf3 Qxf3 36.gxf3 Re1+
37.Kg2 Re2+ 38.Kg1 Rxa2 39.Rb6 Kg6 40.Rxd6+ Kf5 41.Rd8 Rb2 42.Rf8+ Ke5 43.Rg8 Rxb3
44.Rxg5+ Kf4 45.Rg2 Kxf3 46.Rd2 Rb1+ 47.Kh2 Ke3 48.Ra2 Rd1 49.Ra3+ Kf2 50.Ra4 Kf3
51.Ra3+ Kf2 52.Ra4  1/2-1/2

[Event "Aeroflot Open Rapid KO"]
[Site "Moscow RUS"]
[Date "2013.02.15"]
[Round "1.1"]
[White "Eljanov,P"]
[Black "Kazhgaleyev,M"]
[Result "1-0"]
[WhiteElo "2678"]
[BlackElo "2594"]

1.d4 d6 2.Nf3 Nf6 3.c4 g6 4.Nc3 Bg7 5.e4 O-O 6.Be2 e5 7.d5 Nbd7 8.Bg5 h6
9.Bh4 Re8 10.Nd2 Nf8 11.f3 c5 12.Qc2 h5 13.Bg5 N8h7 14.Be3 h4 15.g3 Nh5 16.Rg1 f5
17.exf5 gxf5 18.O-O-O Kh8 19.Bd3 Rf8 20.g4 Nf4 21.Bxf5 Bxf5 22.gxf5 Qd7 23.Nde4 Bh6
24.Kb1 a6 25.Rg4 h3 26.Rdg1 Rg8 27.f6 Raf8 28.Rxg8+ Rxg8 29.Rxg8+ Kxg8 30.Nxd6 Qxd6
31.Bxf4 Qxf6 32.Bxh6 Qxh6 33.Qf5 Qh4 34.d6 Qf6 35.Qg4+ Kf7 36.Ne4 Qe6 37.Qh5+  1-0